Normal view
MARC view
- Kittens -- Juvenile literature
Entry Topical Term
001 - CONTROL NUMBER
- control field: 23890
003 - CONTROL NUMBER IDENTIFIER
- control field: OSt
005 - DATE AND TIME OF LATEST TRANSACTION
- control field: 20171201231038.0
008 - FIXED-LENGTH DATA ELEMENTS
- fixed length control field: 171201|| aca||babn | a|a d
040 ## - CATALOGING SOURCE
- Original cataloging agency: OSt
150 ## - HEADING--TOPICAL TERM
- Topical term or geographic name entry element: Kittens -- Juvenile literature
